[Event "EUYCC 2022 - U10"]
[Site "?"]
[Date "2022.08.27"]
[Round "6.4"]
[White "Galia, Simon"]
[Black "Tatar, Marius Lucian"]
[Result "0-1"]
[WhiteElo "1077"]
[BlackElo "1434"]
[PlyCount "70"]
[EventDate "2022.??.??"]

1. e4 e5 2. Nf3 Nc6 3. Bc4 Bc5 4. c3 Nf6 5. d4 exd4 6. cxd4 Bb4+ 7. Nc3 Nxe4 8.
O-O Bxc3 9. d5 Ne5 10. bxc3 Nxc4 11. Qd4 O-O 12. Qxe4 Nd6 13. Qg4 Qf6 14. Nd4
Re8 15. Bf4 b6 16. Rfe1 Bb7 17. Bxd6 Qxd6 18. Nb5 Qf6 19. Nxc7 Rxe1+ 20. Rxe1
Qxc3 21. Qe2 Rf8 22. Ne8 Bxd5 23. Nd6 Qf6 24. Nc8 Qg5 25. f3 Bxf3 26. Qxf3 Qc5+
27. Kh1 Rxc8 28. Rf1 f6 29. Qb3+ d5 30. h3 Qc4 31. Rd1 Qxb3 32. axb3 Rd8 33.
Kg1 Kf7 34. Kf1 Ke6 35. Ke2 Ke5 0-1

[Event "EUYCC 2022 - U10"]
[Site "?"]
[Date "2022.08.27"]
[Round "6.6"]
[White "Prochazka, Michal"]
[Black "Policar, Martin"]
[Result "0-1"]
[WhiteElo "1318"]
[BlackElo "1461"]
[PlyCount "68"]
[EventDate "2022.??.??"]

1. d4 d5 2. Nf3 c5 3. c3 Nc6 4. Bf4 Bf5 5. e3 Nf6 6. Nbd2 e6 7. Be2 Be7 8. O-O
O-O 9. Rc1 Rc8 10. Qb3 Qd7 11. h3 a6 12. a3 c4 13. Qa2 b5 14. Bd1 Bd3 15. Re1
h6 16. Bc2 Bxc2 17. Rxc2 Qb7 18. Rb1 Rfd8 19. b3 Qa7 20. bxc4 dxc4 21. a4 Nd5
22. Bh2 b4 23. Qxc4 Na5 24. Qd3 bxc3 25. Ne4 Nb4 26. Rxb4 Bxb4 27. Nxc3 Bd6 28.
Bxd6 Nb3 29. Bh2 Nc5 30. Qc4 Ne4 31. Qb3 Nxc3 32. Rxc3 Rxc3 33. Qxc3 Qb7 34. g4
Qxf3 0-1

[Event "EUYCC 2022 - U10"]
[Site "?"]
[Date "2022.08.27"]
[Round "6.7"]
[White "Zrust, Lukas"]
[Black "Novotny, Adam"]
[Result "1/2-1/2"]
[WhiteElo "1344"]
[BlackElo "1113"]
[PlyCount "77"]
[EventDate "2022.??.??"]

1. e4 e5 2. Nf3 Nc6 3. d4 exd4 4. Nxd4 Nf6 5. Nc3 Bb4 6. Nxc6 bxc6 7. Bd3 d5 8.
exd5 cxd5 9. O-O O-O 10. Bg5 Be6 11. Qf3 Bxc3 12. bxc3 Rb8 13. Rab1 Qe7 14.
Rfe1 Rxb1 15. Rxb1 h6 16. Bxf6 Qxf6 17. Qxf6 gxf6 18. Rb7 c5 19. Rxa7 Rb8 20.
f4 c4 21. Be2 Rb2 22. Ra5 Rxc2 23. Bf3 Rxc3 24. Bxd5 Bxd5 25. Rxd5 Kf8 26. Rd7
Ke8 27. Rc7 Rc2 28. h3 Kd8 29. Rxf7 Rxa2 30. Rxf6 c3 31. Rxh6 c2 32. Rc6 Ra1+
33. Kh2 c1=Q 34. Rxc1 Rxc1 35. Kg3 Rc5 36. Kg4 Ke7 37. g3 Kf6 38. h4 Kg6 39.
Kh3 1/2-1/2

[Event "EUYCC 2022 - U10"]
[Site "?"]
[Date "2022.08.27"]
[Round "6.8"]
[White "Broz, Pavel"]
[Black "Hladky, Mikulas"]
[Result "0-1"]
[WhiteElo "1066"]
[BlackElo "1576"]
[PlyCount "62"]
[EventDate "2022.??.??"]

1. e4 e5 2. Nf3 Nc6 3. Bc4 Bc5 4. O-O Nf6 5. d4 Bxd4 6. Nxd4 Nxd4 7. f4 d6 8.
c3 Nc6 9. fxe5 Nxe5 10. Bb3 Qe7 11. Bf4 Bd7 12. Qd4 Nc6 13. Qd3 a6 14. Nd2 Be6
15. Rfe1 Rd8 16. Bxe6 Qxe6 17. Qe2 O-O 18. Nf3 h6 19. e5 dxe5 20. Qf2 Nd7 21.
Qg3 Rfe8 22. Be3 Qg6 23. Qh3 Nf6 24. Qh4 Qg4 25. Qf2 Qh5 26. a3 Ng4 27. Qg3
Nxe3 28. Rxe3 f5 29. Nxe5 f4 30. Qxf4 Rxe5 31. Qc4+ Kh8 0-1

[Event "EUYCC 2022 - U10"]
[Site "?"]
[Date "2022.08.27"]
[Round "6.9"]
[White "Stricova, Julia Nela"]
[Black "Koutecka, Magdalena"]
[Result "1-0"]
[WhiteElo "1040"]
[BlackElo "1042"]
[PlyCount "57"]
[EventDate "2022.??.??"]

1. d4 d5 2. Nf3 Nc6 3. Bf4 Nf6 4. e3 e6 5. c3 Bd6 6. Bxd6 cxd6 7. Be2 O-O 8.
O-O e5 9. Nbd2 Bg4 10. h3 Bh5 11. c4 Re8 12. Nb3 dxc4 13. Bxc4 e4 14. g4 Nxg4
15. Bd5 Nf6 16. Bxc6 Bxf3 17. Qc2 Rc8 18. Rfc1 bxc6 19. Nd2 Bh5 20. Kf1 Qd7 21.
h4 Qh3+ 22. Ke1 Qh1+ 23. Nf1 Bf3 24. Kd2 Nd5 25. Ng3 Qg2 26. Rf1 Rb8 27. b3 Rb4
28. Qxc6 Nb6 29. Qxe8# 1-0

[Event "EUYCC 2022 - U14"]
[Site "?"]
[Date "2022.08.27"]
[Round "6.1"]
[White "Peglau, Charis"]
[Black "Novomeska, Karin"]
[Result "1/2-1/2"]
[WhiteElo "1837"]
[BlackElo "1765"]
[PlyCount "55"]
[EventDate "2022.??.??"]

1. e4 c6 2. Nf3 d5 3. exd5 cxd5 4. Ne5 Nf6 5. d4 e6 6. Bb5+ Bd7 7. Nxd7 Nbxd7
8. c3 a6 9. Bd3 Bd6 10. O-O O-O 11. Nd2 b5 12. a3 Qc7 13. g3 Rfb8 14. Qe2 Qb6
15. Nf3 a5 16. Ne5 b4 17. axb4 axb4 18. Rxa8 Rxa8 19. Re1 bxc3 20. bxc3 Qc7 21.
Nxd7 Qxd7 22. Bg5 Be7 23. c4 h6 24. Be3 dxc4 25. Bxc4 Nd5 26. Bxd5 Qxd5 27. Rc1
Ra2 28. Qc4 1/2-1/2

[Event "EUYCC 2022 - U14"]
[Site "?"]
[Date "2022.08.27"]
[Round "6.2"]
[White "Paralieu, Maxime"]
[Black "Brozynski, Patryk"]
[Result "1/2-1/2"]
[WhiteElo "1898"]
[BlackElo "1911"]
[PlyCount "74"]
[EventDate "2022.??.??"]

1. d4 Nf6 2. c4 g6 3. Nc3 Bg7 4. e4 d6 5. h3 O-O 6. Nf3 c5 7. d5 e6 8. Bd3 exd5
9. exd5 Re8+ 10. Be3 Na6 11. O-O Nd7 12. Ne4 Ne5 13. Nxe5 Bxe5 14. Bg5 f6 15.
Bh4 Nb4 16. Nc3 Nxd3 17. Qxd3 Bf5 18. Qf3 a6 19. g4 Bd7 20. a4 Kg7 21. Rfe1 Rf8
22. Ne4 Qc7 23. Bxf6+ Bxf6 24. Nxf6 Bxg4 25. Qxg4 Rxf6 26. Re6 Raf8 27. Rae1
R8f7 28. Rxf6 Rxf6 29. Re4 Qf7 30. Qe2 Kf8 31. Kg2 Rf5 32. Qe3 a5 33. Re6 Rf6
34. Re4 Qd7 35. b3 b6 36. Qh6+ Kg8 37. Qe3 Kf8 1/2-1/2

[Event "EUYCC 2022 - U14"]
[Site "?"]
[Date "2022.08.27"]
[Round "6.3"]
[White "Buchta, Bartolomej"]
[Black "Sabarez, Iulian"]
[Result "0-1"]
[WhiteElo "1701"]
[BlackElo "1702"]
[PlyCount "105"]
[EventDate "2022.??.??"]

1. e4 c5 2. Nf3 d6 3. d4 cxd4 4. Nxd4 Nf6 5. Nc3 a6 6. Be3 e5 7. Nb3 Be6 8. f4
exf4 9. Bxf4 Nc6 10. Qe2 g6 11. h3 Nh5 12. Bh2 Bg7 13. O-O-O Qg5+ 14. Kb1 Bxc3
15. bxc3 Ng3 16. Bxg3 Qxg3 17. Qd3 Qg5 18. g4 Rd8 19. Rh2 O-O 20. c4 Qf4 21.
Rhd2 Ne5 22. Qd4 Nf3 23. Rf2 Nxd4 24. Rxf4 Nc6 25. Rf2 Rd7 26. Rfd2 Rfd8 27.
Nd4 Ne5 28. Nxe6 fxe6 29. Be2 Kf7 30. g5 Ke7 31. Kb2 Rf8 32. Rf1 Rxf1 33. Bxf1
Nf3 34. Rd3 Nxg5 35. Bg2 Nf7 36. Kb3 Ne5 37. Rg3 Rc7 38. Bf1 Rc8 39. Be2 Rf8
40. Re3 Nd7 41. Bf3 Kf6 42. Kc3 Ke5 43. Kd2 Nc5 44. c3 Rf4 45. Ke2 h5 46. Kd2
Rh4 47. Bg2 g5 48. Re2 Rf4 49. Ke3 g4 50. hxg4 hxg4 51. Re1 g3 52. Bf3 Nxe4 53.
Rg1 0-1

[Event "EUYCC 2022 - U14"]
[Site "?"]
[Date "2022.08.27"]
[Round "6.4"]
[White "Fizer, Marek"]
[Black "Desarmaux-Do, Yanis-Huy"]
[Result "1/2-1/2"]
[WhiteElo "1998"]
[BlackElo "1935"]
[PlyCount "77"]
[EventDate "2022.??.??"]

1. e4 c5 2. Nf3 Nc6 3. Bb5 d6 4. O-O Bd7 5. c3 Nf6 6. Re1 a6 7. Ba4 b5 8. Bc2
Bg4 9. h3 Bxf3 10. Qxf3 g6 11. d3 Bg7 12. Be3 O-O 13. Nd2 Nd7 14. Nb3 Nce5 15.
Qe2 c4 16. Nc1 cxd3 17. Nxd3 Nxd3 18. Bxd3 Ne5 19. a4 Nxd3 20. Qxd3 Rb8 21.
axb5 axb5 22. Ra7 b4 23. Bg5 Re8 24. cxb4 Rxb4 25. Rc1 h6 26. Be3 Rxb2 27. Rcc7
Ra2 28. Rab7 Rb2 29. Qa6 Rxb7 30. Qxb7 Bf8 31. Qb5 Qa8 32. Ra7 Qc8 33. Kh2 e5
34. Qa4 Qe6 35. Ra8 Rxa8 36. Qxa8 Kg7 37. Bxh6+ Kxh6 38. Qxf8+ Kh7 39. Qd8
1/2-1/2

[Event "EUYCC 2022 - U14"]
[Site "?"]
[Date "2022.08.27"]
[Round "6.5"]
[White "Mueller, Maximilian"]
[Black "Mickunaite, Agne"]
[Result "1-0"]
[WhiteElo "1873"]
[BlackElo "1527"]
[PlyCount "55"]
[EventDate "2022.??.??"]

1. e4 e5 2. Nc3 Bc5 3. Bc4 Nf6 4. d3 d6 5. Na4 Bb6 6. Nxb6 axb6 7. f4 Nc6 8.
Nf3 h6 9. O-O Bg4 10. c3 exf4 11. Bxf4 Ne5 12. Bxe5 dxe5 13. Bxf7+ Kf8 14. Bc4
Qd6 15. Qc2 Bxf3 16. Rxf3 Ke7 17. Rd1 c5 18. Rdf1 Rhf8 19. Qf2 g5 20. Qg3 b5
21. Bxb5 Rxa2 22. Rf5 Kd8 23. Rxe5 Qb6 24. Rd5+ Kc8 25. Qe5 Rxb2 26. Rxc5+ Kd8
27. Qd4+ Ke7 28. Re5+ 1-0

[Event "EUYCC 2022 - U14"]
[Site "?"]
[Date "2022.08.27"]
[Round "6.6"]
[White "Orfila, Kristofer"]
[Black "Gollner, Martin"]
[Result "1-0"]
[WhiteElo "1723"]
[BlackElo "1771"]
[PlyCount "103"]
[EventDate "2022.??.??"]

1. d4 d5 2. c4 Nc6 3. cxd5 Qxd5 4. Nf3 e5 5. Nc3 Bb4 6. dxe5 Qxd1+ 7. Kxd1 Bxc3
8. bxc3 Nge7 9. Bf4 Bg4 10. e3 Ng6 11. Be2 O-O-O+ 12. Kc2 Bxf3 13. Bxf3 Ncxe5
14. Bxe5 Nxe5 15. Be2 Rd6 16. Rad1 Rf6 17. f4 Nc6 18. Bg4+ Kb8 19. Rd7 Rd8 20.
Rhd1 Rxd7 21. Rxd7 a6 22. g3 Na5 23. e4 Rg6 24. Bf5 Rf6 25. h3 g6 26. Bg4 h5
27. e5 Rb6 28. Be2 f5 29. g4 Kc8 30. Rg7 hxg4 31. hxg4 fxg4 32. Bxg4+ Kd8 33.
Rd7+ Ke8 34. Rxc7 Nc6 35. Bf3 Kd8 36. Rh7 Ne7 37. Be4 Rb5 38. Rh6 g5 39. fxg5
Rxe5 40. Bxb7 a5 41. g6 Re6 42. Rh5 Kc7 43. Bf3 Kb6 44. g7 Rg6 45. Re5 Rxg7 46.
Be2 Nc6 47. Rb5+ Kc7 48. Bf3 a4 49. Rc5 Rg6 50. Kd3 Rg3 51. Rxc6+ Kd7 52. Rf6
1-0

[Event "EUYCC 2022 - U14"]
[Site "?"]
[Date "2022.08.27"]
[Round "6.7"]
[White "Paralieu, Emma"]
[Black "Page, Noah"]
[Result "0-1"]
[WhiteElo "1596"]
[BlackElo "1992"]
[PlyCount "38"]
[EventDate "2022.??.??"]

1. e4 c5 2. Nf3 Nc6 3. c3 Nf6 4. e5 Nd5 5. d4 cxd4 6. cxd4 d6 7. Be2 g6 8. Bc4
dxe5 9. dxe5 Be6 10. Qb3 Qd7 11. Bd2 a6 12. a4 Bg7 13. Bc3 Nf4 14. O-O Bxc4 15.
e6 Qxe6 16. Qxb7 Ra7 17. Qb6 O-O 18. Ng5 Qg4 19. Qxc6 Bd5 0-1

[Event "EUYCC 2022 - U14"]
[Site "?"]
[Date "2022.08.27"]
[Round "6.8"]
[White "Abitbol, Ethan"]
[Black "Lazniewska, Zofia"]
[Result "1/2-1/2"]
[WhiteElo "1490"]
[BlackElo "1545"]
[PlyCount "81"]
[EventDate "2022.??.??"]

1. e4 c5 2. Nc3 Nc6 3. Bb5 Nd4 4. Nf3 Nxb5 5. Nxb5 d6 6. d4 cxd4 7. Qxd4 a6 8.
Nc3 e5 9. Qd3 Nf6 10. Bg5 Be6 11. Rd1 h6 12. Bh4 g5 13. Bg3 Qc7 14. Nd2 Rd8 15.
Nd5 Nxd5 16. exd5 Bg4 17. f3 Bh5 18. Qb3 Bg6 19. c4 Bg7 20. O-O O-O 21. Bf2 Rc8
22. Rc1 Qd7 23. c5 dxc5 24. Bxc5 Rfd8 25. Bb6 Re8 26. Rfe1 Kh7 27. Ne4 Rxc1 28.
Rxc1 Rc8 29. Rxc8 Qxc8 30. Qc3 Qd7 31. Qc5 Qa4 32. Nc3 Qc2 33. d6 Qc1+ 34. Kf2
Qxb2+ 35. Kg3 h5 36. h3 Bf5 37. Ne4 Bxe4 38. fxe4 Qd2 39. Kh2 Qf4+ 40. Kg1 Qd2
41. Qd5 1/2-1/2

[Event "EUYCC 2022 - U14"]
[Site "?"]
[Date "2022.08.27"]
[Round "6.9"]
[White "Haapsal, Maria Ioanna"]
[Black "Sigut, Ondrej"]
[Result "0-1"]
[WhiteElo "1334"]
[BlackElo "1495"]
[PlyCount "66"]
[EventDate "2022.??.??"]

1. e4 e6 2. d4 d5 3. Nc3 Nf6 4. e5 Nfd7 5. f4 c5 6. Nf3 Nc6 7. Be3 Be7 8. Be2
O-O 9. Qd2 f6 10. exf6 Nxf6 11. h3 Ne4 12. Nxe4 dxe4 13. Ne5 Bh4+ 14. Kd1 Nxd4
15. Bc4 Qc7 16. c3 Nc6 17. Nxc6 Qxc6 18. Kc2 b5 19. Bf1 Bb7 20. g4 Be7 21. g5
Rad8 22. Qe2 c4 23. Qg4 b4 24. Bd4 e3 25. Be2 Qe4+ 26. Kc1 Qxh1+ 27. Bd1 Bd5
28. h4 bxc3 29. Bxc3 Qe4 30. Be5 Qg2 31. Qh5 Qd2+ 32. Kb1 Be4+ 33. Bc2 Bxc2#
0-1

[Event "EUYCC 2022 - U14"]
[Site "?"]
[Date "2022.08.27"]
[Round "6.10"]
[White "Arshinkova, Boryana"]
[Black "Dorazilova, Kristyna"]
[Result "1-0"]
[WhiteElo "1483"]
[BlackElo "1400"]
[PlyCount "73"]
[EventDate "2022.??.??"]

1. e4 e6 2. d4 d5 3. Nd2 dxe4 4. Nxe4 Nd7 5. Nf3 Ngf6 6. Bd3 Nxe4 7. Bxe4 c5 8.
O-O Nf6 9. Bg5 cxd4 10. Bxf6 Qxf6 11. Nxd4 Bc5 12. Nb5 O-O 13. Qh5 h6 14. Qxc5
Qxb2 15. Rfb1 Qf6 16. Nc7 Rb8 17. Qxa7 Bd7 18. Bxb7 Qe5 19. Na6 Rbd8 20. Qc5
Qf6 21. Rd1 Bc8 22. Qb6 Bxb7 23. Qxb7 Rc8 24. Rac1 Rc3 25. Rd3 Qg5 26. Qb2 Rfc8
27. Rxc3 Rxc3 28. Rd1 Rc8 29. g3 Qa5 30. Nb4 Qh5 31. Rc1 Rd8 32. c4 Qg5 33. c5
h5 34. c6 Rc8 35. c7 h4 36. Nd3 Qe7 37. Qb7 1-0

[Event "EUYCC 2022 - U14"]
[Site "?"]
[Date "2022.08.27"]
[Round "6.11"]
[White "Barteckova, Denisa"]
[Black "Balazs, Sztella Anna"]
[Result "1-0"]
[WhiteElo "1455"]
[BlackElo "1663"]
[PlyCount "119"]
[EventDate "2022.??.??"]

1. e4 e5 2. Nf3 Nc6 3. Bc4 Bc5 4. d3 Nf6 5. O-O O-O 6. Re1 h6 7. Nbd2 d6 8. c3
Be6 9. Bb3 Bb6 10. Nf1 Ne7 11. Ng3 Ng6 12. Be3 c6 13. Bxe6 fxe6 14. Qb3 Re8 15.
d4 exd4 16. Bxd4 c5 17. Bxf6 Qxf6 18. a4 Rab8 19. Qb5 Rf8 20. a5 Bc7 21. Kh1
Nf4 22. Re3 h5 23. e5 Qg6 24. exd6 Bxd6 25. Rd1 Nd5 26. Re2 Bxg3 27. hxg3 h4
28. Ne5 Qh6 29. Kg1 hxg3 30. fxg3 Rf5 31. g4 Ne3 32. gxf5 Nxd1 33. Qd3 Nxb2 34.
Qc2 Rd8 35. Qxb2 Rd1+ 36. Kf2 Qh4+ 37. g3 Qh2+ 38. Kf3 Qh5+ 39. g4 Qh3+ 40. Kf4
Rf1+ 41. Ke4 exf5+ 42. gxf5 Qxf5+ 43. Kd5 Rb1 44. Qc2 Qxc2 45. Rxc2 b6 46. axb6
axb6 47. Kc6 c4 48. Nxc4 b5 49. Na3 Rg1 50. Nxb5 g5 51. Nd4 g4 52. c4 Kf7 53.
Rf2+ Kg6 54. Kd5 g3 55. Rd2 Kh5 56. c5 Kg4 57. c6 Kh3 58. Nf3 Rc1 59. Ng5+ Kg4
60. Ne4 1-0

[Event "EUYCC 2022 - U14"]
[Site "?"]
[Date "2022.08.27"]
[Round "6.12"]
[White "Sizov, Lev"]
[Black "Janouskova, Adela"]
[Result "0-1"]
[WhiteElo "1212"]
[BlackElo "1561"]
[PlyCount "48"]
[EventDate "2022.??.??"]

1. d4 f5 2. g3 e6 3. Bg2 Nf6 4. c4 Be7 5. Nc3 O-O 6. h4 d6 7. b4 Nbd7 8. Bh3 c5
9. dxc5 dxc5 10. b5 Nb6 11. Qc2 Nxc4 12. Bg2 Ng4 13. Bg5 Bxg5 14. hxg5 Qxg5 15.
Nf3 Qf6 16. Rc1 Nd6 17. Bh3 h6 18. e4 fxe4 19. Bxg4 exf3 20. Bxf3 Qxf3 21. Rxh6
Qf5 22. Qd2 gxh6 23. Qxd6 Qxf2+ 24. Kd1 Qd4+ 0-1

[Event "EUYCC 2022 - U14"]
[Site "?"]
[Date "2022.08.27"]
[Round "6.14"]
[White "Krasilnikova, Marija"]
[Black "Grunert, Heinrich"]
[Result "1-0"]
[WhiteElo "1271"]
[BlackElo "1342"]
[PlyCount "132"]
[EventDate "2022.??.??"]

1. e4 e6 2. d4 d5 3. Nd2 c5 4. exd5 exd5 5. Ngf3 Bd6 6. Bb5+ Bd7 7. Bxd7+ Nxd7
8. dxc5 Nxc5 9. O-O Ne7 10. Re1 O-O 11. Nd4 Rc8 12. h3 Re8 13. Qf3 Qd7 14. c3
Ng6 15. Rf1 Bc7 16. N2b3 Qd6 17. g3 Nxb3 18. Nxb3 Ne5 19. Qd1 Qe6 20. Kg2 Nc4
21. Nd4 Qe4+ 22. Qf3 Ne5 23. Qxe4 dxe4 24. Bf4 a6 25. Rab1 Bb6 26. Nf5 Rcd8 27.
g4 Nd3 28. Bg3 Rd7 29. Nd6 Re6 30. Nc4 Bc7 31. Bxc7 Rxc7 32. Ne3 Nf4+ 33. Kg3
g5 34. Rfd1 Nd3 35. Rd2 Rd7 36. Nf5 Rc7 37. f3 Kf8 38. fxe4 Nc5 39. Rd8+ Re8
40. Rxe8+ Kxe8 41. Kf3 Rd7 42. Nd4 Re7 43. Re1 Nd3 44. Re2 Nc1 45. Re1 Nd3 46.
Rb1 Nc5 47. Nf5 Nxe4 48. Nxe7 Nd2+ 49. Ke2 Nxb1 50. Nd5 h6 51. Kd1 Kd7 52. Kc2
Nxc3 53. Kxc3 Kd6 54. Kd4 Ke6 55. Ne3 Kf6 56. b4 Kg6 57. Kc5 h5 58. Kb6 h4 59.
Kxb7 Kf6 60. Kxa6 Ke5 61. b5 Kf4 62. b6 Kxe3 63. b7 Kf3 64. b8=Q {Kg3 Qb3+ Kh2
a4} f5 65. gxf5 g4 66. hxg4 h3 {Qxh3+} 1-0

[Event "EUYCC 2022 - U14"]
[Site "?"]
[Date "2022.08.27"]
[Round "6.15"]
[White "Skutil, Frantisek Elias"]
[Black "Hetfleischova, Elen"]
[Result "1/2-1/2"]
[WhiteElo "1514"]
[BlackElo "1352"]
[PlyCount "60"]
[EventDate "2022.??.??"]

1. e4 e5 2. Nf3 Nc6 3. Bb5 a6 4. Ba4 b5 5. Bb3 Nf6 6. O-O Bc5 7. d3 O-O 8. c3
d6 9. h3 h6 10. Be3 Bb6 11. Nbd2 Bxe3 12. fxe3 Na5 13. Bc2 c5 14. d4 exd4 15.
exd4 Ra7 16. Qe2 Re7 17. Rae1 Qc7 18. Qd1 Rfe8 19. Rf2 Bb7 20. Rfe2 Nc6 21. d5
Ne5 22. Nxe5 Rxe5 23. Nf3 R5e7 24. Qd3 c4 25. Qd2 Nd7 26. Nd4 Nc5 27. Re3 Re5
28. Nf5 Bc8 29. g4 Bxf5 30. gxf5 f6 1/2-1/2

[Event "EUYCC 2022 - U14"]
[Site "?"]
[Date "2022.08.27"]
[Round "6.16"]
[White "Stary, Simon"]
[Black "Mikulinaite, Meta"]
[Result "1/2-1/2"]
[WhiteElo "1309"]
[BlackElo "1138"]
[PlyCount "105"]
[EventDate "2022.??.??"]

1. e4 c6 2. d4 d5 3. exd5 cxd5 4. c4 Nf6 5. Nc3 Nc6 6. Nf3 Bg4 7. Be3 e6 8. c5
a6 9. Be2 Be7 10. h3 Bxf3 11. Bxf3 O-O 12. Na4 Nd7 13. O-O b6 14. cxb6 Nxb6 15.
Rc1 Rc8 16. Nxb6 Qxb6 17. Qd2 Bf6 18. Rc5 Nxd4 19. Bxd4 Bxd4 20. Rxc8 Rxc8 21.
b3 Bf6 22. Rc1 Rxc1+ 23. Qxc1 g6 24. Be2 a5 25. Qc2 Bd4 26. Bf3 Qc5 27. Qxc5
Bxc5 28. Be2 Kg7 29. Kf1 f5 30. f4 h6 31. g3 g5 32. Kg2 Kf6 33. Kf3 e5 34.
fxe5+ Kxe5 35. Bd3 f4 36. gxf4+ gxf4 37. Bb1 Be3 38. a3 Kd4 39. Ba2 Kc3 40. b4
d4 41. Ke2 d3+ 42. Kd1 axb4 43. axb4 Kxb4 44. Bd5 Kc5 45. Bf3 Kd4 46. Bg2 d2
47. Bf3 Bf2 48. Kxd2 Be1+ 49. Kxe1 Ke3 50. Bh5 f3 51. Bxf3 Kxf3 52. Kf1 Kg3 53.
Kg1 1/2-1/2

[Event "EUYCC 2022 - U14"]
[Site "?"]
[Date "2022.08.27"]
[Round "6.17"]
[White "Kuzmina, Oleksandra"]
[Black "Prokhorova, Arina"]
[Result "0-1"]
[WhiteElo "1144"]
[BlackElo "1086"]
[PlyCount "50"]
[EventDate "2022.??.??"]

1. d4 f5 2. c4 Nf6 3. e3 g6 4. Nf3 Bg7 5. Nbd2 O-O 6. Bd3 d6 7. Qc2 Qe8 8. O-O
e5 9. Ne1 e4 10. Be2 h5 11. h4 Ng4 12. g3 Bh6 13. Ng2 g5 14. Nb3 Nc6 15. d5
Nce5 16. Nd4 Ng6 17. hxg5 Bxg5 18. Qc3 h4 19. f4 exf3 20. Nxf3 Bf6 21. Qd3 hxg3
22. Nd4 N6e5 23. Qd1 Qh5 24. Nf3 Nxf3+ 25. Rxf3 Qh2+ 0-1

[Event "EUYCC 2022 - U8"]
[Site "?"]
[Date "2022.08.28"]
[Round "7.1"]
[White "Cazacu, Iustin-Nicolas"]
[Black "Prokhorov, Makar"]
[Result "1-0"]
[WhiteElo "1456"]
[BlackElo "1289"]
[PlyCount "55"]
[EventDate "2022.??.??"]

1. d4 d5 2. c4 e6 3. Nc3 Nf6 4. cxd5 exd5 5. Bg5 Be7 6. e3 O-O 7. Bd3 c6 8.
Nge2 Re8 9. O-O Nbd7 10. f3 h6 11. Bh4 c5 12. Bc2 c4 13. e4 Nb6 14. e5 Nh7 15.
Bxe7 Qxe7 16. Nb5 Be6 17. f4 Bg4 18. Qd2 Bxe2 19. Qxe2 a6 20. Nc3 Nf6 21. Qf3
Nfd7 22. Nxd5 Nxd5 23. Qxd5 Nb6 24. Qe4 g6 25. f5 f6 26. fxg6 fxe5 27. Rf7 Qe6
28. Qxb7 1-0

[Event "EUYCC 2022 - U8"]
[Site "?"]
[Date "2022.08.28"]
[Round "7.2"]
[White "Kovacs, Balazs"]
[Black "Li, Yunqi"]
[Result "0-1"]
[WhiteElo "1463"]
[BlackElo "1282"]
[PlyCount "66"]
[EventDate "2022.??.??"]

1. e4 e6 2. d4 d5 3. e5 c5 4. c3 Nc6 5. Nf3 Bd7 6. a3 f6 7. Nh4 Qc7 8. Qh5+ Ke7
9. Ng6+ hxg6 10. Qxh8 Kf7 11. Bb5 fxe5 12. O-O exd4 13. Qh3 Nf6 14. Bxc6 bxc6
15. Rd1 Bd6 16. cxd4 e5 17. Qb3 exd4 18. h3 Rf8 19. Nd2 c4 20. Nxc4 dxc4 21.
Qxc4+ Be6 22. Qxd4 Be5 23. Qh4 Bd5 24. f4 Bd6 25. Be3 Kg8 26. Qg5 Nh5 27. Rxd5
cxd5 28. Qxd5+ Kh7 29. Rc1 Qb8 30. Rc4 Nxf4 31. Bxf4 Bxf4 32. b4 Be3+ 33. Kh1
Rf1# 0-1

[Event "EUYCC 2022 - U8"]
[Site "?"]
[Date "2022.08.28"]
[Round "7.3"]
[White "Srnak, Martin"]
[Black "Doan, Hoang Minh"]
[Result "1-0"]
[WhiteElo "1088"]
[BlackElo "1115"]
[PlyCount "121"]
[EventDate "2022.??.??"]

1. Nf3 Nf6 2. g3 g6 3. Bg2 Bg7 4. O-O d6 5. d4 O-O 6. b3 c5 7. dxc5 Ne4 8. Nd4
Nxc5 9. Bb2 a6 10. c3 Qc7 11. Nc2 Nc6 12. Qc1 Bg4 13. Re1 Ne5 14. Qd2 Nc6 15.
Ne3 Qd7 16. Nxg4 Qxg4 17. Bxc6 bxc6 18. c4 Bxb2 19. Qxb2 e5 20. Nd2 f5 21. Rad1
Rad8 22. Nf1 f4 23. b4 fxg3 24. hxg3 Ne6 25. Qb3 Nd4 26. Qd3 Qf5 27. Qxf5 Rxf5
28. Ne3 Rf7 29. Ng4 Kg7 30. Rd2 h5 31. Ne3 Rdf8 32. Rf1 g5 33. Nc2 Nxc2 34.
Rxc2 g4 35. Rd2 Rf6 36. Kg2 e4 37. e3 Rb8 38. a3 Rd8 39. c5 Kf7 40. Rfd1 Ke7
41. cxd6+ Rfxd6 42. Rxd6 Rxd6 43. Rc1 Ke6 44. Rc5 Rd5 45. Rxc6+ Rd6 46. Rc1 Rb6
47. Rc5 Rb5 48. Rc6+ Kd5 49. Rxa6 Kc4 50. Kf1 Kc3 51. Ra5 Kc4 52. Rxb5 Kxb5 53.
Ke2 Kc4 54. Kd2 Kb5 55. Kc3 Ka4 56. Kd4 Kb3 57. Kxe4 Kc2 58. Kf5 Kd2 59. Kg5
Ke2 60. Kxh5 Kxf2 61. Kxg4 1-0

[Event "EUYCC 2022 - U8"]
[Site "?"]
[Date "2022.08.28"]
[Round "7.5"]
[White "Zahariev, Velislav"]
[Black "Koutecky, Vaclav"]
[Result "1-0"]
[WhiteElo "1263"]
[BlackElo "1068"]
[PlyCount "35"]
[EventDate "2022.??.??"]

1. e4 e5 2. Nf3 Nc6 3. Nc3 Nf6 4. Bb5 Bc5 5. Nxe5 Bxf2+ 6. Kxf2 Nxe5 7. d4 Ng6
8. Rf1 c6 9. Bd3 d5 10. exd5 Nxd5 11. Nxd5 Qxd5 12. c3 O-O 13. Kg1 Nh4 14. Qc2
f5 15. Bg5 Ng6 16. Rf2 Bd7 17. b3 Rae8 18. Bc4 1-0

[Event "EUYCC 2022 - U8"]
[Site "?"]
[Date "2022.08.28"]
[Round "7.6"]
[White "Malcheva, Niya"]
[Black "Malchev, Nikola"]
[Result "1-0"]
[WhiteElo "1116"]
[BlackElo "1117"]
[PlyCount "63"]
[EventDate "2022.??.??"]

1. e4 d6 2. d4 Nf6 3. Nc3 c6 4. Nf3 Qc7 5. Be2 e5 6. d5 Bg4 7. Bg5 Nbd7 8. h3
Bh5 9. Nd2 Bg6 10. O-O Be7 11. Re1 Qb6 12. Rb1 Qa5 13. dxc6 bxc6 14. Bf1 O-O
15. Nb3 Qc7 16. Qd2 h6 17. Bh4 Nxe4 18. Nxe4 Bxh4 19. Qxd6 Qxd6 20. Nxd6 Bxc2
21. Rbc1 Bh7 22. Rxc6 Rad8 23. Rc7 Nb6 24. Nb5 Rfe8 25. Rxa7 Ra8 26. Rxa8 Rxa8
27. Rxe5 f6 28. Re6 Na4 29. Bc4 Kf8 30. Re2 Nb6 31. Nc7 Rxa2 32. Re8# 1-0

[Event "EUYCC 2022 - U10"]
[Site "?"]
[Date "2022.08.28"]
[Round "7.2"]
[White "Peglau, Paul David"]
[Black "Matejka, Simon"]
[Result "1/2-1/2"]
[WhiteElo "1635"]
[BlackElo "1285"]
[PlyCount "69"]
[EventDate "2022.??.??"]

1. d4 d5 2. c4 e6 3. Nc3 Nf6 4. Nf3 c5 5. cxd5 exd5 6. Bg5 Be6 7. g3 h6 8. Bxf6
Qxf6 9. Bg2 a6 10. O-O Nc6 11. dxc5 Bxc5 12. Nxd5 Qd8 13. Nc3 O-O 14. Rc1 Rc8
15. Ne4 Be7 16. a3 Na5 17. Qxd8 Rfxd8 18. Ned2 b5 19. Rfd1 Bf6 20. b4 Nc4 21.
Nxc4 Bxc4 22. Rd2 Rxd2 23. Nxd2 Bb2 24. Rc2 Bxa3 25. Nxc4 Rxc4 26. Rxc4 bxc4
27. Kf1 Bxb4 28. Bd5 c3 29. Be4 Kf8 30. e3 Ke7 31. Ke2 Kd6 32. Bc2 Kc5 33. Kd3
Kb5 34. e4 a5 35. f4 1/2-1/2

[Event "EUYCC 2022 - U10"]
[Site "?"]
[Date "2022.08.28"]
[Round "7.4"]
[White "Policar, Martin"]
[Black "Kusova, Nikola"]
[Result "1-0"]
[WhiteElo "1461"]
[BlackElo "1224"]
[PlyCount "33"]
[EventDate "2022.??.??"]

1. d4 d5 2. c4 e6 3. Nc3 c5 4. cxd5 exd5 5. Nf3 Nc6 6. g3 Nf6 7. Bg2 Bg4 8. O-O
Bxf3 9. exf3 Nxd4 10. f4 Be7 11. Be3 Nc6 12. Nxd5 Qd7 13. Nxf6+ Bxf6 14. Qxd7+
Kxd7 15. Bxc5 b6 16. Rfd1+ Ke6 17. Bh3# 1-0

[Event "EUYCC 2022 - U10"]
[Site "?"]
[Date "2022.08.28"]
[Round "7.5"]
[White "Hladky, Mikulas"]
[Black "Galia, Simon"]
[Result "1-0"]
[WhiteElo "1576"]
[BlackElo "1077"]
[PlyCount "59"]
[EventDate "2022.??.??"]

1. e4 e5 2. Nf3 Nc6 3. Bc4 Bc5 4. c3 Nf6 5. d3 d6 6. O-O O-O 7. Re1 h6 8. b4
Bb6 9. a4 a6 10. a5 Ba7 11. Nbd2 Ng4 12. Re2 Be6 13. Qe1 Qf6 14. h3 Nxf2 15.
Rxf2 Bxf2+ 16. Qxf2 Qg6 17. Kh1 f5 18. Nh4 Qe8 19. exf5 Bxc4 20. Nxc4 g6 21.
Bxh6 Rf6 22. Qg3 Kh7 23. Bg5 Rf8 24. fxg6+ Kg7 25. Qg4 Ne7 26. Bxe7 Qxe7 27.
Nf5+ Rxf5 28. Qxf5 b5 29. axb6 cxb6 30. Qf7+ 1-0